Fast Typing - 50 WPM - Statistics

General Stats
  • This quiz has been taken 117 times
  • The average score is 20 of 25
Answer Stats
What to type: Type stuff IDK % Correct
happy happy
100%
more more
100%
nice nice
100%
party party
100%
tenth tenth
100%
diner diner
99%
knows knows
99%
black black
96%
plus plus
96%
maybe maybe
94%
again again
93%
brown brown
93%
egypt egypt
93%
actor actor
88%
might might
88%
ideas ideas
81%
death death
75%
crazy crazy
65%
blue blue
64%
knees knees
56%
pizza pizza
53%
green green
43%
easy easy
42%
truth truth
33%
wind wind
33%
No matching quizzes found
Score Distribution
Percent of People with Each Score
Percentile by Number Answered
Your Score History
You have not taken this quiz